000
00178nam a22000857a 4500
082
_a
001
100
_a
CBSE
245
_a
INTEGRATING CO-SCHOLASTIC ACTIVITIES IN TEACHING
942
_c
BK
999
_c
8451
_d
8451